000 00808nam a22002177a 4500
001 44057
003 BD-RjUL
005 20211209053807.0
008 160713b1980 bg ||||| |||| 00| 0 ben d
035 _a(BD-RjUL)44175
040 _aBD-RjUL
_bben
_cBD-RjUL
041 _aben
082 _223
_a297
_bALI 1980
100 _aআল খতীব, ফুয়াদ
_9135306
245 1 0 _aইসলাম একটি পূর্ণাঙ্গ জীবন ব্যবস্থা /
_cফুয়াদ আল খতীব
260 _aঢাকা :
_bবাংলাদেশ-সৌদী আরব মৈত্রী সমিতি,
_c১৯৮০
300 _a৩২ পৃ. ;
_c২১ সেমি.
650 _aইসলাম
_9135307
650 _aIslam
_9135308
942 _2ddc
_cBK
999 _c44057
_d44057